[Event "Frankfurt-chA"]
[Site "Frankfurt"]
[Date "2018.06.04"]
[Round "5"]
[White "Bratmann, Marc"]
[Black "Kiel, Gerhard"]
[Result "1-0"]
[WhiteElo "1718"]
[BlackElo "1583"]
[PlyCount "71"]
[EventDate "2018.04.30"]
[EventType "swiss"]
[EventRounds "7"]
[EventCountry "GER"]
[SourceTitle "EXT 2019"]
[Source "ChessBase"]
[SourceDate "2018.10.10"]
[SourceVersion "1"]
[SourceVersionDate "2018.10.10"]
[SourceQuality "1"]

1. e4 g6 2. d4 Bg7 3. Nc3 d6 4. Be3 e6 5. f4 Ne7 6. Nf3 a6 7. Bd3 Nd7 8. 0-0 b5 9. Ne2 Bb7 10. Ng3 Rc8 11. f5 gxf5 12. exf5 e5 13. dxe5 Bxf3 14. Rxf3 Bxe5 15. c3 Nd5 16. Qe2 c5 17. Rd1 Nxe3 18. Rxe3 Qg5 19. Ne4 Qh6 20. Rh3 Qf8 21. Bc2 Qe7 22. Re3 Rc6 23. Qf3 Kf8 24. Qh3 f6 25. Qh6+ Qg7 26. Qxg7+ Kxg7 27. Red3 c4 28. Rf3 Re8 29. g3 Re7 30. Kf1 Nb6 31. Nf2 Rd7 32. Ng4 Rc5 33. Kf2 d5 34. Nxe5 fxe5 35. f6+ Kh6 36. f7 1-0